000
00315nam a2200133Ia 4500
005
20251222143121.0
008
251222s9999||||xx |||||||||||||| ||spa||
020
_a
84-01-01441-7
082
_a
818.5/C68U
100
_a
Clark, Mary Higgins
245
0
_a
El Último Adiós
264
_b
Plaza & Janés
942
_c
LIB
999
_c
11534
_d
11534